| 000 -LEADER |
| fixed length control field |
01262pab a2200169 454500 |
| 008 - FIXED-LENGTH DATA ELEMENTS--GENERAL INFORMATION |
| fixed length control field |
180718b2009 xxu||||| |||| 00| 0 eng d |
| 100 ## - MAIN ENTRY--PERSONAL NAME |
| Personal name |
Groeneveld, Sandra |
| 245 ## - TITLE STATEMENT |
| Title |
Careers in the Dutch civil service: a gender perspective |
| 260 ## - PUBLICATION, DISTRIBUTION, ETC. |
| Date of publication, distribution, etc. |
2009 |
| 300 ## - PHYSICAL DESCRIPTION |
| Extent |
p.493-507. |
| 362 ## - DATES OF PUBLICATION AND/OR SEQUENTIAL DESIGNATION |
| Dates of publication and/or sequential designation |
Sep |
| 520 ## - SUMMARY, ETC. |
| Summary, etc. |
This article focuses upon gender differences in the satisfaction with career opportunities of civil servants in the Netherlands. Women have become better represented at all levels in the Dutch civil service in recent years, but they are still underrepresented in the higher level positions. Nevertheless, women are slightly more satisfied with their career opportunities than men are and they seem to be increasingly so. Their relatively positive evaluation of extrinsic aspects of their work situation is one of the explanations of this finding, as is their higher intrinsic work motivation compared to that of men. It is suggested that the career orientations and aspirations of women better fit the changing context of career formation in the Dutch civil service and the accompanying new psychological contract. - Reproduced. |
| 650 ## - SUBJECT ADDED ENTRY--TOPICAL TERM |
| Topical term or geographic name entry element |
Civil service |
| 773 ## - HOST ITEM ENTRY |
| Main entry heading |
International Review of Administrative Sciences |
| 908 ## - PUT COMMAND PARAMETER (RLIN) |
| Put command parameter |
N |
| 909 ## - |
| -- |
84521 |